[Event "POL-chT 2nd League"]
[Site "Wysowa"]
[Date "2007.09.10"]
[Round "8"]
[White "Babik, Tomasz"]
[Black "Mickiewicz, Piotr"]
[Result "0-1"]
[WhiteElo "2264"]
[BlackElo "2271"]
[PlyCount "112"]
[EventDate "2007.09.03"]
[EventType "team-swiss"]
[EventRounds "9"]
[EventCountry "POL"]
[SourceTitle "EXT 2010"]
[Source "ChessBase"]
[SourceDate "2010.11.25"]
[SourceVersion "1"]
[SourceVersionDate "2010.11.25"]
[SourceQuality "1"]
[WhiteTeam "Miedzyborow Wrzos"]
[BlackTeam "Koszalin Hetman Politechnika"]
[WhiteTeamCountry "POL"]
[BlackTeamCountry "POL"]

1. d4 Nf6 2. c4 c5 3. Nf3 cxd4 4. Nxd4 Nc6 5. Nc3 d6 6. e4 g6 7. Be2 Bg7 8. Be3 0-0 9. 0-0 Nxd4 10. Bxd4 Bd7 11. Qd2 Bc6 12. f3 a5 13. b3 Nd7 14. Be3 Nc5 15. Rab1 Qb6 16. Rfc1 Rfc8 17. Bf1 h5 18. Rc2 Kh7 19. Kh1 Qd8 20. Ne2 Ne6 21. Nc3 Qh8 22. Rd1 Be5 23. Nd5 Bxd5 24. exd5 Nc5 25. Bd3 Qg7 26. f4 Bf6 27. Qf2 Kg8 28. Re2 Nxd3 29. Rxd3 a4 30. Rc2 axb3 31. Rxb3 Ra4 32. Rxb7 Raxc4 33. Rxc4 Rxc4 34. h3 Qf8 35. Qe2 Rc3 36. Rb3 Qc8 37. Rxc3 Qxc3 38. Kh2 h4 39. Qd2 Qc4 40. Kg1 Kg7 41. Kf2 Bc3 42. Qe2 Qxd5 43. a4 Qe4 44. Bd2 Bd4+ 45. Kf1 Qb1+ 46. Qe1 Qd3+ 47. Qe2 Qb1+ 48. Qe1 Qa2 49. a5 e5 50. fxe5 dxe5 51. Qe2 Qb1+ 52. Be1 Bc3 53. Kf2 Bd4+ 54. Kf1 Qa1 55. a6 Bc3 56. a7 Bd4 0-1

[Event "POL-chT 2nd League"]
[Site "Lublin"]
[Date "2006.09.08"]
[Round "7.38"]
[White "Najbar, Marcin"]
[Black "Babik, Tomasz"]
[Result "1/2-1/2"]
[WhiteElo "2266"]
[BlackElo "2254"]
[PlyCount "62"]
[EventDate "2006.09.02"]
[EventType "team-swiss"]
[EventRounds "9"]
[EventCountry "POL"]
[SourceTitle "EXT 2019"]
[Source "ChessBase"]
[SourceDate "2018.10.10"]
[SourceVersion "1"]
[SourceVersionDate "2018.10.10"]
[SourceQuality "1"]
[WhiteTeam "Chroscice Victoria"]
[BlackTeam "Miedzyborow Wrzos"]
[WhiteTeamCountry "POL"]
[BlackTeamCountry "POL"]

1. e4 e5 2. Nf3 d6 3. d4 Nf6 4. Nc3 Nbd7 5. Bc4 Be7 6. 0-0 0-0 7. Re1 c6 8. a4 b6 9. dxe5 dxe5 10. Bg5 a5 11. Bh4 Nh5 12. g3 g6 13. Bxe7 Qxe7 14. Qd2 Qf6 15. Qe3 Nc5 16. Kg2 Bg4 17. h3 Bxf3+ 18. Qxf3 Rfd8 19. Rad1 Rd4 20. b3 Rad8 21. Qxf6 Nxf6 22. f3 Kf8 23. Kf1 Rxd1 24. Rxd1 Rxd1+ 25. Nxd1 Ke7 26. Kf2 Ne8 27. Be2 Nd6 28. Ne3 f6 29. h4 Kf7 30. Nc4 Nxc4 31. Bxc4+ Kg7 1/2-1/2

[Event "POL-chT 2nd League"]
[Site "Wysowa"]
[Date "2005.09.04"]
[Round "9.26"]
[White "Babik, Tomasz"]
[Black "Walkusz, Witoslaw"]
[Result "1/2-1/2"]
[WhiteElo "2257"]
[BlackElo "2220"]
[PlyCount "93"]
[EventDate "2005.08.27"]
[EventType "team-swiss"]
[EventRounds "9"]
[EventCountry "POL"]
[SourceTitle "EXT 2019"]
[Source "ChessBase"]
[SourceDate "2018.10.10"]
[SourceVersion "1"]
[SourceVersionDate "2018.10.10"]
[SourceQuality "1"]
[WhiteTeam "Miedzyborow Wrzos"]
[BlackTeam "Gdynia Korsarz"]
[WhiteTeamCountry "POL"]
[BlackTeamCountry "POL"]

1. c4 Nf6 2. Nc3 d5 3. cxd5 Nxd5 4. g3 g6 5. Bg2 Nxc3 6. bxc3 Bg7 7. Rb1 c6 8. Nf3 0-0 9. 0-0 b6 10. c4 Bf5 11. d3 Qc8 12. Bb2 Bh3 13. Bxg7 Kxg7 14. a4 Bxg2 15. Kxg2 Qa6 16. Qd2 Nd7 17. a5 Rfb8 18. axb6 axb6 19. Qe3 e5 20. Qe4 b5 21. Nxe5 Re8 22. Ra1 Qc8 23. Rxa8 Qxa8 24. f4 bxc4 25. Qxc4 c5+ 26. Kg1 Nxe5 27. fxe5 Qa7 28. Qf4 Qc7 29. Qf6+ Kg8 30. Qd6 Qe7 31. Kf2 Qxe5 32. Qxe5 Rxe5 33. Ra1 Rh5 34. h4 Kg7 35. Ra6 g5 36. hxg5 Rxg5 37. Rc6 h5 38. Kf3 f6 39. e4 Kg6 40. Kf4 Rg4+ 41. Kf3 Rg5 42. Rc7 Re5 43. Kf4 Rg5 44. Rc8 Rg4+ 45. Kf3 Rg5 46. Rd8 Kf7 47. Rc8 1/2-1/2

[Event "POL-chT 2nd League"]
[Site "Wysowa"]
[Date "2005.09.02"]
[Round "7.32"]
[White "Borgula, Rafal"]
[Black "Babik, Tomasz"]
[Result "1/2-1/2"]
[WhiteElo "2237"]
[BlackElo "2257"]
[PlyCount "25"]
[EventDate "2005.08.27"]
[EventType "team-swiss"]
[EventRounds "9"]
[EventCountry "POL"]
[SourceTitle "EXT 2019"]
[Source "ChessBase"]
[SourceDate "2018.10.10"]
[SourceVersion "1"]
[SourceVersionDate "2018.10.10"]
[SourceQuality "1"]
[WhiteTeam "Znin Baszta"]
[BlackTeam "Miedzyborow Wrzos"]
[WhiteTeamCountry "POL"]
[BlackTeamCountry "POL"]

1. Nf3 c5 2. c4 Nc6 3. Nc3 g6 4. g3 Bg7 5. Bg2 e6 6. 0-0 Nge7 7. e3 0-0 8. d4 cxd4 9. Nxd4 Nxd4 10. exd4 d5 11. cxd5 Nxd5 12. Nxd5 exd5 13. Qb3 1/2-1/2

[Event "POL-chT 2nd League"]
[Site "Polanica Zdroj"]
[Date "2004.09.11"]
[Round "10.74"]
[White "Fereczkowski, Tadeusz"]
[Black "Babik, Tomasz"]
[Result "0-1"]
[WhiteElo "1800"]
[BlackElo "2255"]
[PlyCount "60"]
[EventDate "2004.09.04"]
[EventType "team-swiss"]
[EventRounds "11"]
[EventCountry "POL"]
[SourceTitle "EXT 2019"]
[Source "ChessBase"]
[SourceDate "2018.10.10"]
[SourceVersion "1"]
[SourceVersionDate "2018.10.10"]
[SourceQuality "1"]
[WhiteTeam "Milanowek UKS Jedwabnik"]
[BlackTeam "Miedzyborow Wrzos"]
[WhiteTeamCountry "POL"]
[BlackTeamCountry "POL"]

1. e4 c5 2. Nf3 Nc6 3. Be2 Nf6 4. Nc3 e6 5. d3 Be7 6. 0-0 0-0 7. h3 d5 8. exd5 Nxd5 9. Bd2 Bf6 10. Nxd5 Qxd5 11. c3 b6 12. Bf4 Bb7 13. Qc2 Rad8 14. Rfd1 h6 15. Ne1 e5 16. Bf3 Qe6 17. Bh2 Bg5 18. Qa4 Rd7 19. g3 Kh8 20. h4 Bd8 21. Ng2 f5 22. Ne3 f4 23. gxf4 exf4 24. Bxf4 b5 25. Qxb5 Rxf4 26. Bg2 Bxh4 27. Rf1 Bxf2+ 28. Rxf2 Qxe3 29. Raf1 Rxf2 30. c4 Rxf1+ 0-1